| Tag |
First Indicator |
Second Indicator |
Subfields |
| LEADER |
00000cem a2200000 a 4500 |
| 001 |
in00001069424 |
| 005 |
20150929095711.0 |
| 007 |
aj canzn |
| 008 |
881006s1988 txu a s 0 eng d |
| 034 |
1 |
|
|a 253440
|d W0960000
|e W0944500
|f N0303000
|g N0284500
|
| 034 |
1 |
|
|a 276480
|d W0960000
|e W0941500
|f N0303000
|g N0284500
|
| 035 |
|
|
|a (OCoLC)18575288
|
| 035 |
|
|
|9 AFN6146AM
|
| 040 |
|
|
|a IKM
|c IKM
|d UtOrBLW
|
| 049 |
|
|
|a IKMD
|
| 052 |
|
|
|a 4033
|b G25
|b H35
|
| 086 |
|
|
|a H1300.8 St29f 1988
|2 txdocs
|
| 099 |
|
9 |
|a H1300.8
|a St29f
|a 1988
|
| 245 |
0 |
0 |
|a Status of freeway and expressway system :
|b Houston-Galveston Region, January 1, 1988 ; Freeway construction schedule.
|
| 255 |
|
|
|a Scale 1:253,440 and 1:276,480.
|
| 264 |
|
1 |
|a [Houston, Tex.] :
|b Houston-Galveston Regional Transportation Study,
|c [1988]
|
| 300 |
|
|
|a 2 maps on 1 sheet :
|b color ;
|c 66 x 51 cm. and 67 x 54 cm.
|
| 336 |
|
|
|a cartographic image
|b cri
|2 rdacontent
|
| 337 |
|
|
|a unmediated
|b n
|2 rdamedia
|
| 338 |
|
|
|a sheet
|b nb
|2 rdacarrier
|
| 500 |
|
|
|a "1/88."
|
| 500 |
|
|
|a Cartographic material.
|
| 650 |
|
0 |
|a Roads
|z Texas
|z Galveston Region
|x Design and construction
|x Maps.
|
| 650 |
|
0 |
|a Roads
|z Texas
|z Houston Region
|x Design and construction
|x Maps.
|
| 710 |
2 |
|
|a Houston-Galveston Regional Transportation Study.
|
| 740 |
0 |
|
|a Freeway construction schedule.
|
| 999 |
|
|
|a MARS
|
| 999 |
f |
f |
|s 477ca5fd-190a-3d57-883c-c0fdc06e6925
|i 81070d44-0ec9-3110-ad82-84efc9be905b
|t 0
|
| 952 |
f |
f |
|p normal
|a Texas A&M University
|b College Station
|c Sterling C. Evans Library
|d Evans: Texas Documents (Annex 5th floor)
|t 0
|e H1300.8 St29f 1988
|h Superintendent of Documents classification
|i unmediated -- sheet
|m A14815829513
|
| 998 |
f |
f |
|a H1300.8 St29f 1988
|t 0
|l Evans: Texas Documents (Annex 5th floor)
|